CMA New Artist of the Year Winners - Statistics

General Stats
  • This quiz has been taken 93 times
    29 since last reset
  • The average score is 15 of 44
Answer Stats
Year Artist % Correct
2007 Taylor Swift
88%
2018 Luke Combs
73%
2020 Morgan Wallen
73%
2022 Lainey Wilson
69%
2015 Chris Stapleton
62%
1990 Garth Brooks
62%
2004 Gretchen Wilson
62%
2006 Carrie Underwood
54%
2023 Jelly Roll
54%
1986 Randy Travis
54%
2000 Brad Paisley
50%
2001 Keith Urban
50%
1988 Ricky Van Shelton
50%
2013 Kacey Musgraves
46%
1989 Clint Black
42%
2024 Megan Moroney
42%
2009 Darius Rucker
38%
2016 Maren Morris
35%
1985 Sawyer Brown
35%
2021 Jimmie Allen
31%
2010 Zac Brown Band
31%
2008 Lady Antebellum
27%
2019 Ashley McBryde
23%
2005 Dierks Bentley
23%
1987 Holly Dunn
23%
1997 LeAnn Rimes
23%
1982 Ricky Skaggs
23%
2011 The Band Perry
23%
1991 Travis Tritt
23%
1995 Alison Krauss
19%
1998 Dixie Chicks
19%
2012 Hunter Hayes
19%
1999 Jo Dee Messina
19%
1994 John Michael Montgomery
19%
2017 Jon Pardi
19%
2002 Rascal Flatts
19%
2014 Brett Eldredge
15%
1996 Bryan White
15%
2003 Joe Nichols
15%
1983 John Anderson
15%
1993 Mark Chesnutt
15%
1984 The Judds
15%
1992 Suzy Bogguss
12%
1981 Terri Gibbs
12%
No matching quizzes found
Score Distribution
Percent of People with Each Score
Percentile by Number Answered
Your Score History
You have not taken this quiz since the last reset